00473nam a2200121Ia 4500008004100000082001800041100001900059245007600078260003900154365000600193630007600199730007600275100415s9999 xx 000 0 und d b8790a599.884 aLang Ernest M aGoma, The Baby Gorilla : An Account of the First Gorilla Born in Europe aLONDONc1962bVICTOR GOLLANCZ LTD. b0 aGoma, The Baby Gorilla : An Account of the First Gorilla Born in Europe aGoma, The Baby Gorilla : An Account of the First Gorilla Born in Europe